<?xml version="1.0" encoding="UTF-8"?>
<record
    xmlns:xsi="http://www.w3.org/2001/XMLSchema-instance"
    xsi:schemaLocation="http://www.loc.gov/MARC21/slim http://www.loc.gov/standards/marcxml/schema/MARC21slim.xsd"
    xmlns="http://www.loc.gov/MARC21/slim">

  <leader>01009nam a2200253 a 4500</leader>
  <controlfield tag="001">BRCA_4632</controlfield>
  <controlfield tag="005">20190320204737.0</controlfield>
  <controlfield tag="008">280910s1919----u--a######---#000-0#eng-#</controlfield>
  <datafield tag="041" ind1=" " ind2=" ">
    <subfield code="a">eng</subfield>
  </datafield>
  <datafield tag="044" ind1=" " ind2=" ">
    <subfield code="a">u</subfield>
  </datafield>
  <datafield tag="050" ind1=" " ind2="4">
    <subfield code="a">NK2110</subfield>
    <subfield code="b">.E24 1919</subfield>
  </datafield>
  <datafield tag="100" ind1="1" ind2=" ">
    <subfield code="a">Eberlein, Harold Donalson</subfield>
    <subfield code="9">11721</subfield>
  </datafield>
  <datafield tag="245" ind1="1" ind2="0">
    <subfield code="a">The Practical Book of Interior Decoration</subfield>
    <subfield code="c">by Harold Donalson Eberlein, Abbot McClure and Edward Stratton Holloway.</subfield>
  </datafield>
  <datafield tag="260" ind1=" " ind2=" ">
    <subfield code="a">Filadelfia, Estados Unidos</subfield>
    <subfield code="b">J. B. Lippincott</subfield>
    <subfield code="c">1919</subfield>
  </datafield>
  <datafield tag="300" ind1=" " ind2=" ">
    <subfield code="a">xx, 451 p.</subfield>
    <subfield code="b">il. (algunas a color)</subfield>
    <subfield code="c">23 cm.</subfield>
  </datafield>
  <datafield tag="500" ind1=" " ind2=" ">
    <subfield code="a">Incluye &#xED;ndice de ilustraciones, &#xED;ndice anal&#xED;tico y un cuadro de las cuatro grandes influencias decorativas: Renacimiento, Barroco, Rococ&#xF3; y Neocl&#xE1;sico</subfield>
  </datafield>
  <datafield tag="500" ind1=" " ind2=" ">
    <subfield code="a">D42</subfield>
  </datafield>
  <datafield tag="650" ind1="1" ind2="4">
    <subfield code="a">Decoraci&#xF3;n y ornamentaci&#xF3;n</subfield>
    <subfield code="x">Casas</subfield>
    <subfield code="9">11722</subfield>
  </datafield>
  <datafield tag="650" ind1="1" ind2="4">
    <subfield code="a">Decoraci&#xF3;n y ornamentaci&#xF3;n</subfield>
    <subfield code="x">Decoraci&#xF3;n interior</subfield>
    <subfield code="9">11723</subfield>
  </datafield>
  <datafield tag="700" ind1="1" ind2=" ">
    <subfield code="a">McClure, Abbot</subfield>
    <subfield code="e">Coautor</subfield>
    <subfield code="9">11724</subfield>
  </datafield>
  <datafield tag="700" ind1="1" ind2=" ">
    <subfield code="a">Stratton Holloway, Edward</subfield>
    <subfield code="e">Coautor</subfield>
    <subfield code="9">11725</subfield>
  </datafield>
  <datafield tag="902" ind1=" " ind2=" ">
    <subfield code="a">GFM</subfield>
  </datafield>
  <datafield tag="942" ind1=" " ind2=" ">
    <subfield code="2">lcc</subfield>
    <subfield code="c">B</subfield>
  </datafield>
  <datafield tag="999" ind1=" " ind2=" ">
    <subfield code="c">4335</subfield>
    <subfield code="d">4335</subfield>
  </datafield>
  <datafield tag="952" ind1=" " ind2=" ">
    <subfield code="0">0</subfield>
    <subfield code="1">0</subfield>
    <subfield code="4">0</subfield>
    <subfield code="7">0</subfield>
    <subfield code="a">BRCA</subfield>
    <subfield code="b">BRCA</subfield>
    <subfield code="d">2010-09-28</subfield>
    <subfield code="i">D42</subfield>
    <subfield code="l">0</subfield>
    <subfield code="o">NK2110 .E24 1919 (D42)</subfield>
    <subfield code="p">4631</subfield>
    <subfield code="r">2019-03-22 00:00:00</subfield>
    <subfield code="w">2019-03-22</subfield>
    <subfield code="y">B</subfield>
  </datafield>
</record>
